| 000 | 00330nam a2200121Ia 4500 | ||
|---|---|---|---|
| 008 | 190216s9999||||xx |||||||||||||| ||und|| | ||
| 100 | _aDevarshi Kalanath Sastri | ||
| 245 | 0 | _aHindi - Vaidik Vanmay Mein Bharatiya Sanskrithi | |
| 260 |
_b"Dulichand Dileep Kumar, Bekaneer" _c2003 |
||
| 300 | _a71 | ||
| 650 | _aHindi | ||
| 942 | _cBK | ||
| 999 |
_c16118 _d16118 |
||